00382nam a2200157Ia 4500008004000000020001800040082001300058100002300071245003000094260004700124300001100171650001000182650001100192650001300203650000800216210210b2000 xxu||||| |||| 00| 0 eng d a0 521 42159 4 a616 FOSH aFOSBERY (Richard). aHuman health and disease. aNew YorkbCambridge University Pressc2000 aiv,108 aHuman ahealth adisease. aand